1980 1646 1256 1293 1879 1674 1134 1050 1963 1734 1981 1638 1561 1917 1151 1081 1175 1073 1886 1505 1992 1086 1748 1058 1960 1372 1586 1963 1864 1747 1502 1146 1555 1108 1586 1205 1791 1703 1428 1249 1553 1328 1631 1286 1169 1510 1862 1348 1876 1858 1068 1037 1354 1399 1500 1170 1269 1193 1789 1395 1513 1629 1561 1791 1432 1897 1711 1361 1674 1849 1408 1228 1518 1577 1900 1264 1877 1788 1870 1874 1227 1804 1704 1003 1926 1552 1872 1010 1200 1695 1560 1514 1853 1875 1880 1024 1517 1044 1994 BCNSPRNW ULIB Ver.6.0+V

เปลี่ยนเป็นภาษาไทย

Change to English
 แสดงรายละเอียดบรรณานุกรม
  กลับหน้าหลัก

Brief Record : Get Marc (ISO 2709) : E-mail record : QR code < ปิดหน้าต่าง
LEADER : 00000nam 2200000uu 4500
001    13399114303
003     ULIB
008    120321s2553||||th 000 0 tha d
020    ^a9786165000598
090    ^aนว.^bย236อ 2553
100 0  ^aยาใจ
245 00 ^aอุ่นรักละลายใจ/^cยาใจ
250    ^aพิมพ์ครั้งที่ 1
260    ^aกรุงเทพฯ :^bแจ่มใส,^c2553
300    ^a278 หน้า
710 1  ^aพิมพ์คำ
945    ^p180^l0^i16992
945    ^p180^l0^i19549
995    ^aกัณชพร
999    ^aใช้งานได้ทุกระบบ
รายการนี้ยังไม่มีแท็ก
คุณยังไม่ได้ล็อกอิน คุณสามารถมีกิจกรรมร่วมกับเว็บไซต์ได้ แต่ต้องล็อกอินก่อน ::
  ล็อกอิน

รายการสื่อสารสนเทศ

ลำดับที่ ประเภท เลขเรียก/บาร์โค้ด สถานที่ สถานะ
1. นวนิยาย
นวนิยาย
นว. ย236อ 2553  
  Barcode: 16992
ห้องสมุดวิทยาเขตสวรรค์ประชารักษ์
►นวนิยาย
บนชั้น
  ขอยืม
2. นวนิยาย
นวนิยาย
นว. ย236อ 2553 ฉ.2 
  Barcode: 19549
ห้องสมุดวิทยาเขตสวรรค์ประชารักษ์
►นวนิยาย
บนชั้น
  ขอยืม

รายการใกล้เคียง
    ผู้แต่ง [ยาใจ]

BibComment


ยังไม่เคยถูกคอมเมนท์

คอมเมนท์ทรัพยากรรายการนี้
  คอมเมนท์: อุ่นรักละลายใจ ย..


 Copyright 2026. Bcnsprnw @Library